[Event "Cannes Open A"]
[Site "Cannes France"]
[EventDate "2007.02.18"]
[Date "2007.02.24"]
[Round "8"]
[White "HRZICA, Rok"]
[WhiteTitle "-"]
[WhiteElo "2257"]
[Black "VERNAY, Clovis"]
[BlackTitle "FM"]
[BlackElo "2341"]
[Result "1/2-1/2"]
[Source "MonRoi"]

1. e4 e6 2. d4 d5 3. Nd2 dxe4 4. Nxe4 Nd7 5. Nf3 Ngf6 6. Bg5 h6 7. Nxf6 Nxf6 8. Be3 Nd5 9. Bd2 c5 10. Bd3 cxd4 11. Nxd4 Bc5 12. Nb3 Be7 13. Qg4 Bf6 14. O-O-O a5 15. Bb5 Bd7 16. Qa4 Nb6 17. Bxd7 Qxd7 18. Qxd7 Nxd7 19. Bxa5 b6 20. Bb4 Ra4 21. a3 Ne5 22. Nd4 Be7 23. b3 Bxb4 24. bxa4 Bxa3 25. Kd2 Ke7 26. Rhe1 Kf6 27. Nb5 Bb4 28. c3 Bc5 29. Kc2 Ra8 30. Kb3 Nc6 31. Re4 g5 32. f3 Ke7 33. Nc7 Rc8 34. Nd5 Kf8 35. Nf6 Be7 36. Nd7 Ke8 37. Ne5 Na5 38. Kc2 Bf6 39. g3 Bg7 40. f4 Rc7 41. Rb4 f6 42. Ng4 h5 43. Ne3 gxf4 44. gxf4 f5 45. Rxb6 Rxc3 46. Kd2 Kf7 47. Ra6 Nb3 48. Ke2 Bd4 49. Nf1 h4 50. Rd6 Bc5 51. Rd7 Kf6 52. Nd2 Nd4 53. Kf1 Nc2 54. Rb1 Ne3 55. Ke2 Ng2 56. Rb3 Rc1 57. Nf3 Nxf4 58. Kd2 Rf1 59. a5 Nd5 60. a6 Ra1 61. Rbb7 Be3 62. Kc2 Rxa6 63. h3 Rc6 64. Kb1 Rb6 65. Rxb6 Bxb6 66. Nxh4 Nf4 67. Rh7 Nxh3 68. Nxf5 Kxf5 69. Rxh3 e5 70. Kc2 e4 71. Rh8 Kf4 72. Kd2 Bf2 73. Ke2 e3 74. Re8 Kf5 75. Kf3 Kf6 76. Kf4 Kf7 77. Re5 Kf6 78. Re4 Bg1 79. Ra4 Ke6 80. Re4 Kf6 81. Rxe3 Bxe3 82. Kxe3  1/2-1/2

[Event "Cannes Open A"]
[Site "Cannes France"]
[EventDate "2007.02.18"]
[Date "2007.02.24"]
[Round "8"]
[White "FIERRO BAQUERO, Martha"]
[WhiteTitle "IM"]
[WhiteElo "2339"]
[Black "MALEKI, Nicolas"]
[BlackTitle "-"]
[BlackElo "2116"]
[Result "1-0"]
[Source "MonRoi"]

1. e4 e5 2. Nf3 Nc6 3. Bb5 a6 4. Ba4 Nf6 5. d3 Bc5 6. Nc3 d6 7. Nd5 b5 8. Bb3 h6 9. c3 Be6 10. d4 exd4 11. Nxd4 Nxd4 12. cxd4 Bxd5 13. Bxd5 Bb4 14. Bd2 Nxd5 15. exd5 Bxd2 16. Qxd2 O-O 17. O-O Qf6 18. Rfc1 Qf5 19. Rxc7 Qxd5 20. b3 Rac8 21. Rac1 Rxc7 22. Rxc7 Qf5 23. f3 Rc8 24. Rxc8 Qxc8 25. Kf2 d5 26. Ke3 Qf5 27. h4 g5 28. g3 Kg7 29. Qh2 Qe6 30. Kd2 Qf6 31. Qf2 gxh4 32. gxh4 Qf4 33. Kc3 Kf6 34. Qe2 Qd6 35. Qe8 b4 36. Kd3 a5 37. Qh8 Kf5 38. Qg7 Qa6 39. Ke3 Qe6 40. Kf2 Kf4 41. Qg3 Kf5 42. Qc7 Qf6 43. Qd7 Qe6 44. Qd8 Qc6 45. Qxa5 Kf4 46. Qc5 Qf6 47. Qc7 Kf5 48. Qd7 Qe6 49. Qb5 Qd6 50. Qd3 Kf4 51. Qe3 Kf5 52. Kg2 Qf4 53. Qd3 Kf6 54. Qa6 Kg7 55. Qb6 Qd2 56. Kg3 Qe1 57. Kg4 Qg1 58. Kf5 Qe3 59. Qf6 Kg8 60. Qd8 Kg7 61. Qxd5 Qd3 62. Qe4 Qb5 63. Qe5  1-0

[Event "Cannes Open A"]
[Site "Cannes France"]
[EventDate "2007.02.18"]
[Date "2007.02.24"]
[Round "8"]
[White "VINSOT, Robin Gael"]
[WhiteTitle "-"]
[WhiteElo "2165"]
[Black "MUFIC, Goran"]
[BlackTitle "IM"]
[BlackElo "2312"]
[Result "0-1"]
[Source "MonRoi"]

1. d4 d5 2. c4 Bf5 3. Nc3 e6 4. Nf3 c6 5. e3 Nd7 6. Bd3 Bxd3 7. Qxd3 Ngf6 8. O-O Bb4 9. a3 Ba5 10. b4 Bc7 11. Bb2 O-O 12. e4 dxe4 13. Nxe4 a5 14. Ng3 Qe7 15. Qb3 axb4 16. axb4 b5 17. c5 Nd5 18. Ne5 Bxe5 19. dxe5 Qh4 20. Rad1 Qc4 21. Qxc4 bxc4 22. Rc1 Nxb4 23. Rxc4 Nd3 24. Bc3 N7xe5 25. Re4 Ng6 26. f4 Rfe8 27. f5 exf5 28. Rxe8 Rxe8 29. Nxf5 Nge5 30. Nd6 Re6 31. Ra1 h6 32. Ra8 Kh7 33. Rc8 Nxc5 34. Bxe5 Rxe5 35. Rxc6 Re1 36. Kf2 Nd3 37. Kg3 Re3 38. Kg4 Re6 39. Rb6 Rg6 40. Kf3 Ne1 41. Kf2 Nxg2 42. Nc4 Rxb6 43. Nxb6 Nf4 44. Kf3 Ne6 45. Nd5 Kg6 46. Ke4 Kg5 47. Ne3 g6 48. Kf3 f5 49. Nd5 h5 50. Ne7 Kf6 51. Nc6 g5 52. Kg3 h4  0-1

[Event "Cannes Open A"]
[Site "Cannes France"]
[EventDate "2007.02.18"]
[Date "2007.02.24"]
[Round "8"]
[White "STRUK, Jerzy"]
[WhiteTitle "-"]
[WhiteElo "2260"]
[Black "FLEAR, Christine"]
[BlackTitle "WIM"]
[BlackElo "2160"]
[Result "1/2-1/2"]
[Source "MonRoi"]

1. e4 c5 2. Nf3 Nc6 3. c3 Nf6 4. e5 Nd5 5. d4 cxd4 6. Bc4 Nb6 7. Bb3 d5 8. exd6 Qxd6 9. O-O Be6 10. Na3 Bxb3 11. Qxb3 e6 12. Nb5 Qb8 13. Nbxd4 Be7 14. a4 Nxd4 15. Nxd4 O-O 16. a5 Nc8 17. Be3 a6 18. Rfd1 Qc7 19. Ra4 Kh8 20. Nf3 Na7 21. Bb6 Qc8 22. Rad4 Nc6 23. Rd7 Bf6 24. Rc7 Qe8 25. Rxb7 Rb8 26. Bc7 Rc8 27. Qb6 Bd8 28. Bxd8 Rxd8 29. Re1 Rd5 30. Qxa6 Nxa5 31. Ra7 Qd8 32. b4 Nb3 33. Qa2 Nc1 34. Qc2 Nd3 35. Rea1 Qc8 36. Qb3 Nf4 37. c4 Rd3 38. Qc2 Rc3 39. Qd2 Rxc4 40. Ne5 Rd4 41. Qb2 f6 42. Nf3 Rc4 43. b5 Nd5 44. h3 Rb4 45. Qe2  1/2-1/2

[Event "Cannes Open A"]
[Site "Cannes France"]
[EventDate "2007.02.18"]
[Date "2007.02.24"]
[Round "8"]
[White "HELL, Pascal"]
[WhiteTitle "-"]
[WhiteElo "2227"]
[Black "DELABACA, Romuald"]
[BlackTitle "-"]
[BlackElo "2160"]
[Result "1/2-1/2"]
[Source "MonRoi"]

1. e4 e5 2. Nf3 Nc6 3. Bb5 a6 4. Ba4 Nf6 5. O-O Be7 6. Re1 b5 7. Bb3 d6 8. h3 O-O 9. c3 Na5 10. Bc2 c5 11. d4 Nd7 12. Nbd2 exd4 13. cxd4 Nc6 14. a4 Rb8 15. axb5 axb5 16. dxc5 dxc5 17. Nf1 Nde5 18. Nxe5 Nxe5 19. Bf4 Bd6 20. Bg3 Bc7 21. Qh5 g6 22. Qh6 Qf6 23. Bh4 Qg7 24. Qxg7 Kxg7 25. Be7 Re8 26. Bxc5 Be6 27. Ne3 Nc4 28. Bd4 Be5 29. Bxe5 Nxe5 30. Nd5 Rbc8 31. Re2 Bxd5 32. exd5 Nf3 33. Kf1 Rxe2 34. Kxe2 Nd4 35. Kd2 Nxc2  1/2-1/2

[Event "Cannes Open A"]
[Site "Cannes France"]
[EventDate "2007.02.18"]
[Date "2007.02.24"]
[Round "8"]
[White "MULLER, Anne"]
[WhiteTitle "WIM"]
[WhiteElo "2188"]
[Black "ASTENGO, Corrado"]
[BlackTitle "-"]
[BlackElo "2085"]
[Result "1-0"]
[Source "MonRoi"]

1. e4 e6 2. d4 d5 3. Nd2 dxe4 4. Nxe4 Nd7 5. Bd3 Ngf6 6. Qe2 c5 7. Nxf6 Nxf6 8. dxc5 Bxc5 9. Bd2 Bd7 10. Nf3 Qb6 11. O-O O-O 12. Ne5 Bc6 13. b4 Bd4 14. Nc4 Qd8 15. b5 Bxb5 16. c3 Bc5 17. Rab1 Bc6 18. Ne5 Qd5 19. Nxc6 Qxc6 20. Bg5 Be7 21. c4 Rac8 22. Rb3 b6 23. Bxf6 Bxf6 24. Bxh7 Kh8 25. Qh5 g6 26. Bxg6  1-0

[Event "Cannes Open A"]
[Site "Cannes France"]
[EventDate "2007.02.18"]
[Date "2007.02.24"]
[Round "8"]
[White "SORCINELLI, Francesco"]
[WhiteTitle "-"]
[WhiteElo "2123"]
[Black "WAUTERS, Alain"]
[BlackTitle "-"]
[BlackElo "2177"]
[Result "1-0"]
[Source "MonRoi"]

1. e4 c5 2. Nc3 e6 3. Nf3 Nc6 4. d4 cxd4 5. Nxd4 Qc7 6. Be3 Nf6 7. g3 a6 8. Bg2 d6 9. O-O Bd7 10. h3 Be7 11. a4 b6 12. f4 O-O 13. g4 Rab8 14. g5 Ne8 15. Nxc6 Bxc6 16. f5 g6 17. Qg4 Qc8 18. f6 Bd8 19. Qh4 b5 20. axb5 axb5 21. Qh6 e5 22. Ra7 Rb7 23. Ra6 b4 24. Nd5 Bxd5 25. exd5 Qxc2 26. Rxd6 Bc7 27. Rc6  1-0

[Event "Cannes Open A"]
[Site "Cannes France"]
[EventDate "2007.02.18"]
[Date "2007.02.24"]
[Round "8"]
[White "WEILL, Roland"]
[WhiteTitle "FM"]
[WhiteElo "2261"]
[Black "WUNDERMAN, Xavier"]
[BlackTitle "-"]
[BlackElo "2113"]
[Result "1-0"]
[Source "MonRoi"]

1. e4 c6 2. d3 d5 3. Nd2 e5 4. Ngf3 Bd6 5. g3 Nf6 6. Bg2 h6 7. O-O Be6 8. Re1 Nbd7 9. b3 O-O 10. Bb2 d4 11. c3 c5 12. a3 Qe7 13. Rb1 a5 14. a4 Rfb8 15. Nc4 b5 16. axb5 Rxb5 17. cxd4 cxd4 18. Nxd4 exd4 19. e5 Bg4 20. exf6 Nxf6 21. Rxe7 Bxe7 22. Qe1 Re8 23. Bc6 Bb4 24. Qxe8  1-0

[Event "Cannes Open A"]
[Site "Cannes France"]
[EventDate "2007.02.18"]
[Date "2007.02.24"]
[Round "8"]
[White "DIOTALLEVI, Maurizio"]
[WhiteTitle "-"]
[WhiteElo "2154"]
[Black "VANDERBEEKEN, Mikael"]
[BlackTitle "-"]
[BlackElo "2113"]
[Result "1/2-1/2"]
[Source "MonRoi"]

1. d4 e6 2. c4 b6 3. Nc3 Bb4 4. a3 Bxc3 5. bxc3 Bb7 6. f3 f5 7. Nh3 Nf6 8. e3 O-O 9. Bd3 Nc6 10. O-O Ne7 11. Qe2 d5 12. Bd2 Ba6 13. a4 c6 14. Ra2 Ne8 15. Nf4 Nc7 16. e4 Qd7 17. a5 b5 18. c5 Rae8 19. e5 Rb8 20. Kh1 Ng6 21. Nxg6 hxg6 22. g3 Kf7 23. h4 Rh8 24. Kg2 Qe8 25. Raa1 Ke7 26. Kf2 Kd7 27. Ke1 Qf7 28. Kd1 Rbf8 29. Rh1 Qe7 30. Kc2 Qf7 31. Bg5 Rh7 32. Bf4  1/2-1/2

[Event "Cannes Open A"]
[Site "Cannes France"]
[EventDate "2007.02.18"]
[Date "2007.02.24"]
[Round "8"]
[White "ZERMICHE, Cherif"]
[WhiteTitle "-"]
[WhiteElo "2105"]
[Black "PEPINO, Enrico"]
[BlackTitle "-"]
[BlackElo "2189"]
[Result "1-0"]
[Source "MonRoi"]

1. e4 c5 2. Nc3 Nc6 3. f4 g6 4. Nf3 Bg7 5. Bc4 e6 6. O-O Nge7 7. Qe1 Nd4 8. Nxd4 cxd4 9. Nb5 d6 10. e5 dxe5 11. fxe5 O-O 12. d3 a6 13. Nd6 Nf5 14. Bf4 b5 15. Bb3 Ra7 16. Qe4 Qb6 17. a4 Nxd6 18. exd6 e5 19. Bxe5 Re8 20. d7 Rxd7 21. Bc7 Rxe4 22. Bxb6 Re8 23. axb5 axb5 24. Ra8 Rde7 25. Bc5 Be6 26. Rxe8 Rxe8 27. Re1 Bd7 28. Rxe8 Bxe8 29. Bd5 Be5 30. Kf2 Kg7 31. Kf3 f5 32. h4 Kf6 33. Bb4 h6 34. Bf8 g5 35. Bxh6 gxh4 36. Bd2 Bh5 37. Kf2 Be8 38. c3 Bg3 39. Kf1 Ke5 40. Bf3 Bd7 41. Ke2 Be6 42. Bh6 dxc3 43. bxc3 Bd5 44. Bxd5 Kxd5 45. Ke3 Be5 46. d4 Bg3 47. Bf4 Kc4 48. Bxg3 hxg3 49. Kf4 Kxc3 50. d5 b4 51. d6 b3 52. d7 b2 53. d8Q b1Q 54. Qa5 Kc4 55. Qa6 Kd4 56. Qd6 Kc3 57. Qc5 Kd2 58. Qe3 Kc2 59. Kxg3 Qb8 60. Kf2 Qb4 61. Qe2 Kc1 62. Qe1   1-0

[Event "Cannes Open A"]
[Site "Cannes France"]
[EventDate "2007.02.18"]
[Date "2007.02.24"]
[Round "8"]
[White "FORTINO, Fabrizio"]
[WhiteTitle "-"]
[WhiteElo "2076"]
[Black "LELIMOUSIN, Vincent"]
[BlackTitle "-"]
[BlackElo "2142"]
[Result "0-1"]
[Source "MonRoi"]

1. e4 e5 2. f4 Nc6 3. Nf3 exf4 4. Bc4 g5 5. h4 g4 6. Ng5 Ne5 7. Bb3 Bg7 8. d4 h6 9. dxe5 hxg5 10. Qd5 Qe7 11. g3 Bxe5 12. Na3 c6 13. Qd3 d6 14. O-O Be6 15. Bxe6 fxe6 16. Bd2 O-O-O 17. Nc4 Bf6 18. Bb4 c5 19. Ba3 Bd4 20. Kh1 f3 21. c3 gxh4  0-1

[Event "Cannes Open A"]
[Site "Cannes France"]
[EventDate "2007.02.18"]
[Date "2007.02.24"]
[Round "8"]
[White "PARODI, Alessandro"]
[WhiteTitle "-"]
[WhiteElo "1893"]
[Black "BOZINOVIC, Boban"]
[BlackTitle "-"]
[BlackElo "2137"]
[Result "0-1"]
[Source "MonRoi"]

1. d4 Nf6 2. c4 c5 3. d5 b5 4. cxb5 a6 5. e3 axb5 6. Bxb5 Ba6 7. Nc3 Bxb5 8. Nxb5 g6 9. Ne2 d6 10. Nec3 Bg7 11. O-O O-O 12. a4 Na6 13. e4 Nc7 14. Ra3 Nd7 15. f4 Nxb5 16. Nxb5 Nb6 17. Qc2 Qd7 18. b3 Rfc8 19. Be3 Rcb8 20. f5 Nxd5 21. exd5 Rxb5 22. fxg6 hxg6 23. Bc1 Bd4 24. Kh1 Rb4 25. Bd2 Rbb8 26. Bc3 Qg4 27. Rf3 Bxc3 28. Qxc3 Qe4 29. Rh3 Qb1  0-1

[Event "Cannes Open A"]
[Site "Cannes France"]
[EventDate "2007.02.18"]
[Date "2007.02.24"]
[Round "8"]
[White "HAUSEUX, Philippe"]
[WhiteTitle "-"]
[WhiteElo "2061"]
[Black "FONTAINE, Pierre"]
[BlackTitle "-"]
[BlackElo "2127"]
[Result "1-0"]
[Source "MonRoi"]

1. e4 c6 2. d4 d5 3. exd5 cxd5 4. c4 Nf6 5. Nc3 Nc6 6. Nf3 Bg4 7. cxd5 Nxd5 8. Qb3 Bxf3 9. gxf3 e6 10. Qxb7 Nxd4 11. Bb5 Nxb5 12. Qc6 Ke7 13. Qxb5 Rc8 14. Bd2 f6 15. O-O Kf7 16. Nxd5 Qxd5 17. Qxd5 exd5 18. Bc3 Bc5 19. Rad1 Rhd8 20. Rd2 Rd7 21. Rfd1 Ke6 22. Kf1 Bb6 23. Ke2 Rc4 24. Kf1 Rh4 25. Kg2 Bc7 26. h3 Bb6 27. b3 d4 28. Bb2 Rd5 29. Re1 Kf5 30. Red1 Kg6 31. a3 Rg5 32. Kf1 Rxh3 33. Bxd4 Bxd4 34. Rxd4 Rxf3 35. Rb4 h5 36. Ke2 Rgf5 37. Rg1 Kh6 38. Rg2 g5 39. Rb7 a5 40. Rb8 Rc3 41. a4 h4 42. Kd2 Rff3 43. Rb5 Rxb3 44. Rxa5 Rb2 45. Kc1 Rbxf2  1-0

[Event "Cannes Open A"]
[Site "Cannes France"]
[EventDate "2007.02.18"]
[Date "2007.02.24"]
[Round "8"]
[White "FERRIGNO, Jean Pierre"]
[WhiteTitle "-"]
[WhiteElo "2126"]
[Black "LIBENS, Michel"]
[BlackTitle "-"]
[BlackElo "2104"]
[Result "1-0"]
[Source "MonRoi"]

1. b3 d6 2. Bb2 e5 3. d4 exd4 4. Qxd4 Nc6 5. Qd2 Nf6 6. Nc3 g6 7. e4 Bg7 8. O-O-O a5 9. Bb5 O-O 10. Bxc6 bxc6 11. f3 Nd7 12. Nge2 Nc5 13. Nd4 Bd7 14. a4 f5 15. h4 fxe4 16. h5 g5 17. Nxe4 Nxe4 18. fxe4 h6 19. Qe2 Qf6 20. Rhf1 Qe5 21. c4 Rf4 22. Rxf4 Qxf4 23. Qd2 Rf8 24. Qxf4 Rxf4 25. Re1 Rf2 26. Nc2 Bxb2 27. Kxb2 Rxg2 28. c5 d5 29. b4 d4 30. Rd1 axb4 31. Rxd4 Be6 32. Rxb4 Rd2 33. Kc3 Rd8 34. Nd4 Bd7 35. Rb7 Rc8 36. a5 g4 37. a6 Ra8 38. a7 Kf7 39. Rxc7 Ke8 40. Rb7 Ke7 41. Nxc6 Ke6 42. Nd4  1-0

[Event "Cannes Open A"]
[Site "Cannes France"]
[EventDate "2007.02.18"]
[Date "2007.02.24"]
[Round "8"]
[White "ARDUIN, Antoine"]
[WhiteTitle "-"]
[WhiteElo "1876"]
[Black "BRONGERS, Henk"]
[BlackTitle "-"]
[BlackElo "1969"]
[Result "0-1"]
[Source "MonRoi"]

1. e4 c6 2. d4 d5 3. exd5 cxd5 4. c4 Nf6 5. Nc3 Nc6 6. cxd5 Nxd5 7. Nf3 Bg4 8. Qb3 Bxf3 9. gxf3 e6 10. Qxb7 Nxd4 11. Bb5 Nxb5 12. Qxb5 Qd7 13. Qxd7 Kxd7 14. Ke2 Nxc3 15. bxc3 Bd6 16. Rd1 Ke7 17. h3 Rhc8 18. Rd3 Rab8 19. Kd1 Be5 20. Kc2 Rc4 21. Bg5 f6 22. Be3 Rbc8 23. Bd2 R8c6 24. Rb1 Rc7 25. Rg1 g5 26. Rg4 h5 27. Re4 R4c5 28. h4 gxh4 29. Rxh4 Bd6 30. Bc1 Ra5 31. a4 Rf5 32. Kb3 Rb7 33. Kc2 Rb6 34. Rhd4 Ra5 35. Rd1 Rc6 36. Bb2 Raa6 37. Rh1 Ra5 38. Rhd1 f5 39. Rh1 f4 40. Re4 Rf5 41. c4 Kf7 42. Bc3 e5 43. a5 Kf6 44. Kd3 Bc7 45. Bb4 Rg5 46. c5 Kg6 47. Ree1 Kf5 48. Kc4 a6 49. Kd5 Rh6 50. Bc3 Re6 51. Rb1 Rh6 52. Rb7 Rg7 53. Re1 Re6 54. c6 Rge7 55. Rb6 Rd6 56. Kc5 Rd3 57. Kc4 Rxf3 58. Rxa6 Rxf2 59. Ra8 f3 60. a6 Ra2 61. a7 f2 62. Rf1 Bb6 63. Rf8 Kg4 64. a8Q Rxa8 65. Rxa8 e4 66. Kb5 Be3 67. Kc4 Kf3 68. Bd4 Bxd4 69. Kxd4 e3 70. Ra3  0-1

[Event "Cannes Open A"]
[Site "Cannes France"]
[EventDate "2007.02.18"]
[Date "2007.02.24"]
[Round "8"]
[White "SCALA, Lijubomir"]
[WhiteTitle "-"]
[WhiteElo "2063"]
[Black "PIERRARD, Bernard"]
[BlackTitle "-"]
[BlackElo "1976"]
[Result "1-0"]
[Source "MonRoi"]

1. d4 d5 2. Bf4 Bf5 3. e3 e6 4. Bd3 Bxd3 5. Qxd3 c6 6. Nf3 Nf6 7. Nbd2 Nbd7 8. O-O Be7 9. Rfe1 Nh5 10. a4 a5 11. c3 O-O 12. Nf1 Nxf4 13. exf4 Qc7 14. f5 e5 15. dxe5 Nc5 16. Qc2 Qb6 17. Ng3 Rad8 18. Nd4 f6 19. e6 Rfe8 20. Rad1 Bd6 21. Nh5 Re7 22. Kh1 Rf8 23. Re3 Qc7 24. Ne2 Ne4 25. Neg3 Bc5 26. Re2 Nd6 27. b3 Nc8 28. Nf1 Ree8 29. Ne3 Ne7 30. Ng4 Rd8 31. Qd3 Nc8 32. f4 Be7 33. Re3 Nd6 34. Nf2 Kh8 35. g4 Qb6 36. Rb1 Ne4 37. Nxe4 dxe4 38. Qxe4 Rd2 39. b4 Rfd8 40. Qf3 R8d5 41. Ng3 Qd8 42. Nf1 Ra2 43. bxa5 Qc7 44. a6 bxa6 45. Qe4 a5 46. Rf3 Qd6 47. Qc4 Ra3 48. Rb7  1-0

[Event "Cannes Open A"]
[Site "Cannes France"]
[EventDate "2007.02.18"]
[Date "2007.02.24"]
[Round "8"]
[White "GALLUCCI, Alessio"]
[WhiteTitle "-"]
[WhiteElo "1910"]
[Black "IASMAN, Inna"]
[BlackTitle "-"]
[BlackElo "1797"]
[Result "1-0"]
[Source "MonRoi"]

1. e4 c6 2. d4 d5 3. e5 c5 4. dxc5 Nc6 5. Nf3 Bg4 6. Bb5 e6 7. b4 Nge7 8. Be3 Nf5 9. O-O Be7 10. h3 Bxf3 11. Qxf3 O-O 12. Bxc6 bxc6 13. g4 Nh4 14. Qg3 Ng6 15. Bd4 Bh4 16. Qe3 Bg5 17. f4 Nxf4 18. Rxf4 Bxf4 19. Qxf4 Qh4 20. Kg2 f6 21. Nd2 f5 22. Nf3 Qe7 23. g5 a5 24. c3 axb4 25. cxb4 Qb7 26. a3 Qb5 27. Bf2 Kf7 28. Nd4 Qa4 29. Qh4 Rh8 30. Qh5 g6 31. Qd1 Rhc8 32. Qxa4 Rxa4 33. Nb3 Ke7 34. Na5 Kd7 35. Kf3 Rh8 36. Be3 Rb8 37. Bd2 Rg8 38. Ke2 h6 39. Kd3 hxg5 40. Bxg5 f4 41. Kc3 f3 42. Kb3 Rxa5 43. bxa5 Rb8 44. Kc3 Rb5 45. Be3 Rxa5 46. a4 Ra8 47. a5 Kc7 48. a6 Rb8 49. Bf2 Ra8 50. Kd4 Rc8 51. a7 Ra8 52. Ke3 Kb7 53. Kxf3 Rf8 54. Kg4 Ka8 55. Bd4 Rh8 56. Ra6 g5 57. Rxc6 Rh4 58. Kxg5 Rxd4 59. Rxe6 Kxa7 60. Rd6 Rc4 61. e6 Rxc5 62. e7 d4 63. Kf4 Rc1 64. e8Q Rf1 65. Kg5  1-0

[Event "Cannes Open A"]
[Site "Cannes France"]
[EventDate "2007.02.18"]
[Date "2007.02.24"]
[Round "8"]
[White "MEDAGLIA, Enzo"]
[WhiteTitle "-"]
[WhiteElo "1626"]
[Black "LEVACIC, Adrien"]
[BlackTitle "-"]
[BlackElo "1853"]
[Result "0-1"]
[Source "MonRoi"]

1. e4 e5 2. Bc4 Nf6 3. Nc3 Bb4 4. Nge2 O-O 5. d3 d5 6. exd5 Nxd5 7. Bd2 c6 8. Ne4 Bxd2 9. Qxd2 f5 10. N4g3 Be6 11. O-O-O b5 12. Bb3 a5 13. c3 Na6 14. f4 a4 15. Bc2 Qb6 16. fxe5 Ne3 17. Nd4 Nxd1 18. Nxe6 Nf2 19. Rf1 f4 20. Nxf4 Ng4 21. d4 Nc7 22. Qd3 g6 23. Nxg6 Rxf1 24. Nxf1 Nd5 25. Nh4 Qc7 26. Qg3 Qg7 27. Nf5 Qg5 28. Kb1 Rf8 29. h4 Rxf5 30. hxg5 Rxf1 31. Bd1 Rxd1 32. Kc2 Nde3  0-1

[Event "Cannes Open A"]
[Site "Cannes France"]
[EventDate "2007.02.18"]
[Date "2007.02.24"]
[Round "8"]
[White "REHDER, Wilfried"]
[WhiteTitle "-"]
[WhiteElo "1730"]
[Black "PERANO, Simone"]
[BlackTitle "-"]
[BlackElo "1584"]
[Result "1-0"]
[Source "MonRoi"]

1. d4 Nf6 2. Nf3 d5 3. Bg5 Bf5 4. e3 Nbd7 5. c4 c6 6. Nbd2 e6 7. Ne5 Be7 8. f4 Ne4 9. Bxe7 Qxe7 10. Nef3 Bg4 11. Be2 Bxf3 12. Bxf3 Nxd2 13. Qxd2 dxc4 14. O-O Rc8 15. Rac1 O-O 16. Rxc4 f5 17. Rfc1 Nb6 18. R4c3 Nd5 19. Ra3 Ra8 20. Rb3 Qc7 21. g3 Rfd8 22. g4 Ne7 23. Qg2 Rac8 24. gxf5 exf5 25. Rb5 Rd6 26. Qc2 Rg6++ 27. Kh1 Qd7 28. Qb3 Kf8 29. Rxb7 Qd8 30. Qb4 a5 31. Qc5 h6 32. Ra7 Ra8 33. Rxa8 Qxa8 34. Rc3 Qa6 35. Qc4 Qb6  1-0

[Event "Cannes Open A"]
[Site "Cannes France"]
[EventDate "2007.02.18"]
[Date "2007.02.24"]
[Round "8"]
[White "CAEN, Eric"]
[WhiteTitle "-"]
[WhiteElo "1901"]
[Black "DAVY, Bruno"]
[BlackTitle "-"]
[BlackElo "2030"]
[Result "0-1"]
[Source "MonRoi"]

1. d4 d5 2. Bf4 e6 3. Nf3 Nf6 4. e3 Be7 5. Bd3 c6 6. c3 Nh5 7. Bg3 f5 8. Ne5 Nf6 9. Nd2 Nbd7 10. Ndf3 O-O 11. O-O c5 12. b3 Nxe5 13. Nxe5 Nd7 14. c4 cxd4 15. exd4 Nb6 16. c5 Nd7 17. f4 Nxe5 18. fxe5 Bd7 19. b4 b6 20. Ba6 bxc5 21. bxc5 Qa5 22. Be2 Rab8 23. Be1 Qa4 24. Qxa4 Bxa4 25. Bc3 Bc2 26. a4 Rb3 27. Ba5 Bd8 28. Bxd8 Rxd8 29. Rfc1 Rb2 30. Kf1 Rd7 31. Ra3 Rc7 32. Rca1 Rb4 33. R1a2 Bb1 34. Rd2 Kf8 35. Kf2 Ke7 36. Bd3 Rxd4 37. Ke3 Rxd3 38. Rdxd3 Bxd3 39. Kd4 Bc4 40. Rh3 h6 41. Rg3 Kd8 42. Rg6 Re7 43. c6 Kc7 44. Kc5 Bb3 45. Rg3 Bxa4  0-1

[Event "Cannes Open A"]
[Site "Cannes France"]
[EventDate "2007.02.18"]
[Date "2007.02.24"]
[Round "8"]
[White "GIRARD, Jean Pierre"]
[WhiteTitle "-"]
[WhiteElo "2028"]
[Black "THON, Gabriel"]
[BlackTitle "-"]
[BlackElo "1900"]
[Result "0-1"]
[Source "MonRoi"]

1. e4 c5 2. Nf3 e6 3. d4 cxd4 4. Nxd4 a6 5. Be2 Qc7 6. Be3 Nf6 7. Nd2 b5 8. a4 bxa4 9. Rxa4 Bb7 10. f3 Nc6 11. O-O Bc5 12. N2b3 Bb6 13. Kh1 O-O 14. Bg5 Ne8 15. c3 f6 16. Bh4 Nd6 17. f4 Nxe4 18. Nxe6 dxe6 19. Rxe4 e5 20. fxe5 Nxe5 21. Ra4 Qc6  0-1

[Event "Cannes Open A"]
[Site "Cannes France"]
[EventDate "2007.02.18"]
[Date "2007.02.25"]
[Round "9"]
[White "NIKCEVIC, Nebojsa"]
[WhiteTitle "GM"]
[WhiteElo "2448"]
[Black "ZELCIC, Robert"]
[BlackTitle "GM"]
[BlackElo "2557"]
[Result "1/2-1/2"]
[Source "MonRoi"]

1. d4 d5 2. Nf3 e6 3. Bf4 Bd6 4. Bxd6 Qxd6 5. c3 Nd7 6. Nbd2 Ngf6 7. e3 e5 8. dxe5 Nxe5 9. Nxe5 Qxe5 10. Bd3 O-O 11. Qf3 Bg4 12. Qg3 Qxg3 13. hxg3  1/2-1/2

[Event "Cannes Open A"]
[Site "Cannes France"]
[EventDate "2007.02.18"]
[Date "2007.02.25"]
[Round "9"]
[White "SANCHEZ, Joseph"]
[WhiteTitle "IM"]
[WhiteElo "2482"]
[Black "BOSIOCIC, Marin"]
[BlackTitle "IM"]
[BlackElo "2474"]
[Result "0-1"]
[Source "MonRoi"]

1. e4 c5 2. Nf3 e6 3. d4 cxd4 4. Nxd4 Nc6 5. Nc3 Qc7 6. Be3 a6 7. Bd3 Nf6 8. O-O Ne5 9. h3 Bc5 10. f4 d6 11. Qe2 Ng6 12. Rae1 O-O 13. Nb3 Bxe3 14. Qxe3 b5 15. a3 Bb7 16. Nd4 Rfe8 17. Nf3 e5 18. fxe5 Nxe5 19. Nd4 Qc5 20. Nf5 Rad8 21. Rf2 Qxe3 22. Rxe3 g6 23. Nd4 Nfd7 24. a4 bxa4 25. Nxa4 Rb8 26. Bf1 Ba8 27. b3 Bb7 28. Nf3 Kf8 29. Rd2 Ke7 30. Nc3 Rec8 31. Nd5 Bxd5 32. exd5 Rb6 33. Nd4 Kf8 34. c4 Nc5 35. Ra2 f5 36. Ra5 Kf7 37. Be2 Kf6 38. Ra1 Rcb8 39. Bd1 Ned3 40. Be2 Ne5 41. Bd1 h5 42. Bc2 h4 43. Rf1 Rf8 44. g3 hxg3 45. Rxg3 Ke7 46. Rf4 Rh8 47. Rf2 Rf8 48. Kg2 a5 49. Re3 Kd7 50. Nb5 Rh8 51. Rf4 Rh5 52. Rf1 a4 53. b4 Nxc4 54. Rc3 Rxb5 55. Rxc4 Nb3 56. Ra1 Rxd5 57. Rxa4 Rd2 58. Kg3 Nd4 59. Ra7 Ke6 60. Ba4 Rg5 61. Kf4 Rgg2 62. Ra6 g5  0-1

[Event "Cannes Open A"]
[Site "Cannes France"]
[EventDate "2007.02.18"]
[Date "2007.02.25"]
[Round "9"]
[White "PALAC, Mladen"]
[WhiteTitle "GM"]
[WhiteElo "2571"]
[Black "FOISOR, Ovidiu Doru"]
[BlackTitle "IM"]
[BlackElo "2418"]
[Result "0-1"]
[Source "MonRoi"]

1. e4 g6 2. d4 c6 3. c3 d5 4. e5 f6 5. f4 Nh6 6. Nf3 Bg7 7. Bd3 Bg4 8. Nbd2 fxe5 9. fxe5 c5 10. h3 Bf5 11. Bb5 Bd7 12. Bxd7 Qxd7 13. Nb3 cxd4 14. Nc5 Qc8 15. cxd4 b6 16. Nd3 Nc6 17. Bf4 Nf5 18. g4 Nh6 19. Rc1 Qd7 20. Qe2 e6 21. Qg2 O-O 22. h4 Nb4 23. Nxb4 Rxf4 24. g5 Nf5 25. Nc2 Qb5 26. Rd1 Rc8 27. Rf1  0-1

[Event "Cannes Open A"]
[Site "Cannes France"]
[EventDate "2007.02.18"]
[Date "2007.02.25"]
[Round "9"]
[White "SULAVA, Nenad"]
[WhiteTitle "GM"]
[WhiteElo "2537"]
[Black "FARGERE, Francois"]
[BlackTitle "FM"]
[BlackElo "2330"]
[Result "1-0"]
[Source "MonRoi"]

1. c4 c6 2. e4 d5 3. cxd5 cxd5 4. exd5 Nf6 5. Nc3 Nxd5 6. Nf3 Nc6 7. Bc4 e6 8. O-O Be7 9. d4 Nb6 10. Bb3 O-O 11. a3 Bf6 12. Be3 Ne7 13. Qd3 Bd7 14. Rad1 Bc6 15. Ng5 g6 16. Nge4 Ned5 17. Bh6 Bg7 18. Bg5 Qd7 19. Rfe1 Nxc3 20. bxc3 Bxe4 21. Rxe4 h6 22. Bd2 Nd5 23. c4 Ne7 24. d5 exd5 25. Bb4 Rfe8 26. cxd5 Nf5 27. d6 Rxe4 28. Qxe4 Re8 29. Qd5 Re5 30. Qc4 Re8 31. Qc7 Rd8 32. Ba4 Qc8 33. Rc1 Qa8 34. Bb3 Nd4 35. Qxf7 Kh8 36. Rc7  1-0

[Event "Cannes Open A"]
[Site "Cannes France"]
[EventDate "2007.02.18"]
[Date "2007.02.25"]
[Round "9"]
[White "MOGRANZINI, Roberto"]
[WhiteTitle "FM"]
[WhiteElo "2401"]
[Black "WOHL, Aleksandar"]
[BlackTitle "-"]
[BlackElo "2425"]
[Result "1-0"]
[Source "MonRoi"]

1. e4 c5 2. Nc3 Nc6 3. Bb5 Nd4 4. Bc4 e6 5. Nge2 a6 6. a4 Nf6 7. O-O d5 8. exd5 exd5 9. Ba2 Ne6 10. d3 Bd6 11. Ng3 h5 12. Re1 Kf8 13. Nf1 Bc7 14. Ne2 h4 15. d4 h3 16. g3 b6 17. f3 Bb7 18. c3 Nh7 19. Be3 Nhg5 20. Nd2 Qf6 21. f4 Nh7 22. Nf3 g5 23. Ne5 Bxe5 24. fxe5 Qf3 25. Nf4 Nxd4 26. cxd4 Qxd1 27. Raxd1 gxf4 28. Bxf4 c4 29. e6 f6 30. b3 b5 31. bxc4 bxc4 32. Bb1 Kg7 33. Bf5 Bc6 34. Kf2 Ng5 35. Rb1 Ne4 36. Ke3 Ra7 37. Rb6 Bxa4 38. Bxe4 dxe4 39. d5 Rh5 40. Kxe4 c3 41. Ra1 Bc2 42. Kd4 a5 43. d6 Bf5 44. d7 Rh8 45. Rb8 Bxe6 46. d8Q Rxd8 47. Rxd8 c2  1-0